1112 1109 1225 1946 1158 1770 1232 1294 1909 1194 1191 1035 1465 1364 1012 1375 1713 1394 1722 1317 1010 1567 1577 1739 1038 1303 1863 1348 1106 1457 1505 1243 1318 1155 1977 1921 1561 1230 1348 1624 1902 1617 1265 1092 1676 1490 1383 1398 1371 1742 1027 1334 1149 1726 1532 1885 1276 1197 1466 1913 1840 1322 1136 1925 1275 1855 1328 1891 1752 1976 1966 1718 1362 1783 1205 1970 1098 1268 1013 1743 1859 1592 1785 1665 1098 1820 1502 1305 1453 1692 1783 1703 1955 1115 1163 1257 1455 1209 1330 BCNSPRNW ULIB Ver.6.0+V

เปลี่ยนเป็นภาษาไทย

Change to English
 แสดงรายละเอียดบรรณานุกรม
  กลับหน้าหลัก

Brief Record : Get Marc (ISO 2709) : E-mail record : QR code < ปิดหน้าต่าง
LEADER : 00000nam 2200000uu 4500
001    13399128613
003     ULIB
008    230920s2564||||th 000 0 tha d
020    ^a9786164433892
060  4 ^aWI39^bต367
245 00 ^aตำราโรคระบบทางเดินอาหารและตับในเวชปฏิบัติ =^bPracticalgastroenterology & hepatology /^cบรรณาธิการ, มณฑิรา มณีรัตนะพร, สุพจน์ นิ่มอนงค์, อวยพร เค้าสมบัติวัฒนา
246 30 ^aPractical gastroenterology and hepatology
246 31 ^aPractical gastroenterology & hepatology
250    ^aพิมพ์ครั้งที่ 2
260    ^aกรุงเทพฯ :^bสาขาวิชาโรคระบบทางเดินอาหาร ภาควิชาอายุรศาสตร์คณะแพทยศาสตร์ศิริราชพยาบาล,^c2564
300    ^axiii, 834 หน้า :^bภาพประกอบ ;^c24 ซม.
504    ^aมีบรรณานุกรมและดรรชนี
505 2  ^aกรดไหลย้อน -- หลอดอาหารทำงานผิดปกติ -- กระเพาะอาหารแปรปรวน --แผลเปปติก --ภาวะแทรกซ้อนในทางเดินอาหารจากยาต้านอักเสบที่ไม่ใช่เสตียรอยด์ยาต้านเกล็ดเลือดและ/หรือ ยาต้านการแข็งตัวของเลือด --เลือดออกจากทางเดินอาหารส่วนบน -- เลือดออกจากทางเดินอาหารส่วนกลาง-- เลือดออกจากทางเดินอาหารส่วนล่าง --ติ่งเนื้อลำไส้ใหญ่และโรคติ่งเนื้อลำไส้ใหญ่ --เคล็ดลับในการดูแลผู้ป่วยท้องเสียเรื้อรัง -- ภาวะการดูดซึมอาหารผิดปกติ --ท้องผูกเรื้อรัง -- ลำไส้แปรปรวน -- ท้องเสียจากเชื้อ C.difficile --ลำไส้อักเสบเรื้อรัง -- กระเปาะสำไส้ใหญ่และภาวะแทรกซ้อน --ลำไส้ขาดเลือด -- ทางเดินน้ำดีชนิดไม่ร้ายแรง -- ท่อน้ำดีอักเสบเฉียบพลัน -- มะเร็งท่อน้ำดี -- ตับอ่อนอักเสบ -- มะเร็งตับอ่อน -- ไวรัสตับอักเสบเอและไวรัสตับอักเสบอี -- ไวรัสตับอักเสบบี -- ไวรัสตับอักเสบซี -- ฝีในตับ -- โรคตับจากแอลกอฮอล์ -- ไขมันพอกตับที่ไม่ได้เกิดจากแอลกอฮอล์ --โรคตับจากพันธุกรรม -- โรคตับออโตอิมมูน -- ตับอักเสบจากยา --ตับวายเฉียบพลัน/ตับวายเฉียบพลันในโรคตับเรื้อรัง --เกณฑ์และการคัดเลือกผู้ป่วยสำหรับการปลูกถ่ายตับ --ตับแข็งและภาวะแทรกซ้อน -- มะเร็งเซลล์ตับ -- โรคหลอดเลือดของตับ --โรคตับในหญิงตั้งครรภ์ --ปัญหาที่พบบ่อยของระบบทางเดินอาหารและตับในผู้ป่วยใน --ลักษณะคลินิกของระบบทางเดินอาหารในโรคระบบอื่นๆ --ลักษณะคลิกนิกของตับในโรคระบบอื่นๆ --การใช้ยารักษาโรคทางเดินอาหารและตับในหญิงตั้งครรภ์ --โภชนบำบัดสำหรับผู้ป่วยโรคทางเดินอาหารและตับ --การแปลผลเอกซเรีย์คอมพิวเตอร์ช่องท้อง
650  2 ^aGastroenterology
650  4 ^aวิทยากระเพาะอาหารและลำไส้
650  4 ^aระบบกระเพาะอาหารและลำไส้
700 0  ^aมณฑิรา มณีรัตนะพร,^eบรรณาธิการ
700 0  ^aสุพจน์ นิ่มอนงค์,^eบรรณาธิการ
700 0  ^aอวยพร เค้าสมบัติวัฒนา,^eบรรณาธิการ
945    ^p720^l0^i29861
945    ^p720^l0^i29862
945    ^p720^l0^i29863
999    ^aกัณชพร จุลอักษร
รายการนี้ยังไม่มีแท็ก
คุณยังไม่ได้ล็อกอิน คุณสามารถมีกิจกรรมร่วมกับเว็บไซต์ได้ แต่ต้องล็อกอินก่อน ::
  ล็อกอิน

รายการสื่อสารสนเทศ

ลำดับที่ ประเภท เลขเรียก/บาร์โค้ด สถานที่ สถานะ
1. หนังสือสำรอง
หนังสือสำรอง
WI39 ต367 ฉ.1 
  Barcode: 29861
ห้องสมุดวิทยาเขตนครสวรรค์
►หนังสือทั่วไป:l:General Books
บนชั้น
2. วิทยาศาสตร์การแพทย์ และสุขภาพ
วิทยาศาสตร์การแพทย์ และสุขภาพ
WI39 ต367 ฉ.2 
  Barcode: 29862
ห้องสมุดวิทยาเขตนครสวรรค์
►หนังสือทั่วไป:l:General Books
บนชั้น
3. วิทยาศาสตร์การแพทย์ และสุขภาพ
วิทยาศาสตร์การแพทย์ และสุขภาพ
WI39 ต367 ฉ.3 
  Barcode: 29863
ห้องสมุดวิทยาเขตนครสวรรค์
►หนังสือทั่วไป:l:General Books
ถูกยืม กำหนดส่งวันที่ 18 พฤษภาคม 2569
  จอง

รายการใกล้เคียง
    หัวเรื่อง [Gastroenterology]
    หัวเรื่อง [วิทยากระเพาะอาหารและลำไส้]
    หัวเรื่อง [ระบบกระเพาะอาหารและลำไส้]

BibComment


ยังไม่เคยถูกคอมเมนท์

คอมเมนท์ทรัพยากรรายการนี้
  คอมเมนท์: ตำราโรคระบบทางเด..


 Copyright 2026. Bcnsprnw @Library